Ars Iuliani Toletani Episcopi (Record no. 174646)

MARC details
000 -LEADER
campo de control de longitud fija 01244nam a2200289 4500
001 - NÚMERO DE CONTROL
campo de control 174646
003 - IDENTIFICADOR DE NÚMERO DE CONTROL
campo de control ES-MaACL
005 - FECHA Y HORA DE LA ÚLTIMA TRANSACCIÓN
campo de control 20250829122014.0
008 - DATOS DE LONGITUD FIJA--INFORMACIÓN GENERAL
campo de control de longitud fija 920725s1973 sp |||| | lat d
017 ## - NÚMERO DE COPYRIGHT O DE DEPÓSITO LEGAL
Número de copyright o de depósito legal M 10293-1973
020 ## - NÚMERO INTERNACIONAL ESTÁNDAR DEL LIBRO
Número Internacional Estándar del Libro 84-400-6953-1
080 ## - NÚMERO DE LA CLASIFICACIÓN DECIMAL UNIVERSAL
Número de la Clasificación Decimal Universal 807.1-5
100 0# - ENTRADA PRINCIPAL--NOMBRE DE PERSONA
Nombre de persona Julián
Títulos y otros términos asociados al nombre Santo, Arzobispo de Toledo.
9 (RLIN) 142843
245 10 - MENCIÓN DEL TÍTULO
Título Ars Iuliani Toletani Episcopi
Resto del título : una gramática latina de la España visigoda /
Mención de responsabilidad, etc. estudio y edición critica por María A. H. Maestre Yenes.
260 ## - PUBLICACIÓN, DISTRIBUCIÓN, ETC.
Lugar de publicación, distribución, etc. Toledo :
Nombre del editor, distribuidor, etc. Instituto Provincial de Investigaciones y Estudios Toledanos,
Fecha de publicación, distribución, etc. 1973.
300 ## - DESCRIPCIÓN FÍSICA
Extensión CXII, 244 p. ;
Dimensiones 24 cm.
490 1# - MENCIÓN DE SERIE
Mención de serie Publicaciones del Instituto Provincial de Investigaciones y Estudios Toledanos.
-- Vestigios del pasado ;
Designación de volumen o secuencia 5
500 ## - NOTA GENERAL
Nota general Índice.
504 ## - NOTA DE BIBLIOGRAFÍA, ETC.
Nota de bibliografía, etc. Bibliografía: p. XV-XVII.
600 04 - PUNTO DE ACCESO ADICIONAL DE MATERIA--NOMBRE DE PERSONA
Nombre de persona Julián
Títulos y otros términos asociados al nombre Santo, Arzobispo de Toledo.
9 (RLIN) 142843
650 07 - PUNTO DE ACCESO ADICIONAL DE MATERIA--TÉRMINO DE MATERIA
Término de materia o nombre geográfico como elemento de entrada Lengua latina-
Subdivisión general Gramática.
9 (RLIN) 14300
700 1# - ENTRADA AGREGADA--NOMBRE PERSONAL
Nombre de persona Maestre Yenes, María A. H.
9 (RLIN) 142844
710 2# - ENTRADA AGREGADA--NOMBRE DE ENTIDAD CORPORATIVA
Nombre de entidad corporativa o nombre de jurisdicción como elemento de entrada Instituto Provincial de Investigaciones y Estudios Toledanos.
9 (RLIN) 5217
830 00 - PUNTO DE ACCESO ADICIONAL DE SERIE-TÍTULO UNIFORME
Título uniforme Publicaciones del Instituto Provincial de Investigaciones y Estudios Toledanos
Designación de volumen o secuencia 5
9 (RLIN) 242140
852 4# - LOCALIZACIÓN
Ubicación ES-MaACL
Número de control de estantería C-57202
Holdings
Estatus retirado Estado de pérdida Estado de daño No para préstamo Biblioteca de origen Biblioteca actual Ubicación en estantería Fecha de adquisición Fuente de adquisición Total de préstamos Signatura topográfica completa Código de barras Visto por última vez Precio de reemplazo Tipo de ítem Koha
        Biblioteca del Ateneo de Madrid Biblioteca del Ateneo de Madrid Depósito 2 13/05/2010     C-57202 1183352 23/02/2023 23/02/2023 Libro impreso